[Event "ESP-ch FEDC 27th"]
[Site "Almunecar"]
[Date "2018.12.01"]
[Round "6"]
[White "Zanoletty Garcia, David"]
[Black "Megias Gonzalez, Javier"]
[Result "1-0"]
[WhiteElo "1971"]
[BlackElo "1808"]
[PlyCount "33"]
[EventDate "2018.11.26"]
[EventType "swiss"]
[EventRounds "8"]
[EventCountry "ESP"]
[SourceTitle "EXT 2024"]
[Source "ChessBase"]
[SourceDate "2023.10.10"]
[SourceVersion "1"]
[SourceVersionDate "2023.10.10"]
[SourceQuality "1"]

1. Nf3 d6 2. d4 Nf6 3. g3 g6 4. Bg2 Bg7 5. 0-0 0-0 6. c4 Na6 7. Nc3 c5 8. e3 Bd7 9. b3 Rb8 10. Bb2 cxd4 11. Nxd4 Nc7 12. Qd2 Qc8 13. Rfc1 Bh3 14. Bh1 Ne6 15. Nd5 Re8 16. Nb5 a6 17. Nxd6 1-0

[Event "ESP-ch FEDC 27th"]
[Site "Almunecar"]
[Date "2018.11.30"]
[Round "5"]
[White "Megias Gonzalez, Javier"]
[Black "Barroso Vilanova, Daniel"]
[Result "1-0"]
[WhiteElo "1808"]
[BlackElo "1547"]
[PlyCount "43"]
[EventDate "2018.11.26"]
[EventType "swiss"]
[EventRounds "8"]
[EventCountry "ESP"]
[SourceTitle "EXT 2024"]
[Source "ChessBase"]
[SourceDate "2023.10.10"]
[SourceVersion "1"]
[SourceVersionDate "2023.10.10"]
[SourceQuality "1"]

1. e4 e5 2. Nf3 Nc6 3. Bc4 g6 4. 0-0 Bg7 5. c3 d6 6. h3 Nf6 7. Re1 h6 8. d4 Qe7 9. d5 Nd8 10. Na3 0-0 11. Bd3 g5 12. Nh2 Nh7 13. g4 h5 14. Nc2 h4 15. Ne3 f6 16. Nf5 Bxf5 17. gxf5 Qe8 18. Be2 c6 19. Bh5 Qd7 20. c4 Nf7 21. Bg6 Nh6 22. Qh5 1-0

[Event "ESP-ch FEDC 27th"]
[Site "Almunecar"]
[Date "2018.11.29"]
[Round "4"]
[White "Pichel Jallas, Juan Jose"]
[Black "Megias Gonzalez, Javier"]
[Result "1/2-1/2"]
[WhiteElo "1736"]
[BlackElo "1808"]
[PlyCount "47"]
[EventDate "2018.11.26"]
[EventType "swiss"]
[EventRounds "8"]
[EventCountry "ESP"]
[SourceTitle "EXT 2024"]
[Source "ChessBase"]
[SourceDate "2023.10.10"]
[SourceVersion "1"]
[SourceVersionDate "2023.10.10"]
[SourceQuality "1"]

1. d4 Nf6 2. c4 e6 3. Nc3 Bb4 4. a3 Bxc3+ 5. bxc3 b6 6. Nf3 Bb7 7. e3 d6 8. Bd3 Nbd7 9. Qc2 Qe7 10. e4 e5 11. 0-0 0-0-0 12. Re1 h6 13. a4 a5 14. Nd2 Nh5 15. Nb3 g5 16. Be3 Nf4 17. c5 Nxd3 18. Qxd3 dxc5 19. dxc5 Nxc5 20. Bxc5 bxc5 21. Qc4 Qe6 22. Qxe6+ fxe6 23. Nxc5 Rd6 24. Rab1 1/2-1/2

[Event "Madrid FEDC-ch 25th"]
[Site "Madrid"]
[Date "2016.11.10"]
[Round "5"]
[White "Megias Gonzalez, Javier"]
[Black "Ampudia Asensio, Jose Luis"]
[Result "1/2-1/2"]
[WhiteElo "1856"]
[BlackElo "1652"]
[PlyCount "49"]
[EventDate "2016.11.06"]
[EventType "swiss"]
[EventRounds "8"]
[EventCountry "ESP"]
[SourceTitle "CBM 175 Extra"]
[Source "ChessBase"]
[SourceDate "2016.12.12"]
[SourceVersion "1"]
[SourceVersionDate "2016.12.12"]
[SourceQuality "1"]

1. e4 e6 2. d4 d5 3. e5 c5 4. Qg4 cxd4 5. Nf3 Nc6 6. Bd3 Nb4 7. 0-0 Nxd3 8. cxd3 g6 9. Qxd4 Bg7 10. Qb4 a5 11. Qg4 Nh6 12. Qh3 Nf5 13. g4 Ne7 14. Nc3 Bd7 15. Bh6 Bxh6 16. Qxh6 Qc7 17. Rac1 Qb6 18. Ng5 Qd4 19. Qg7 Qxg4+ 20. Kh1 Rf8 21. Qf6 Ng8 22. Nxh7 Qh5 23. Qg7 Qf3+ 24. Kg1 Qg4+ 25. Kh1 1/2-1/2

[Event "FEDC Cup Div/1 16th"]
[Site "Cambrils"]
[Date "2015.11.26"]
[Round "5.1"]
[White "Bernabe Monteagudo, Francesc"]
[Black "Megias Gonzalez, Javier"]
[Result "0-1"]
[WhiteElo "1737"]
[BlackElo "1889"]
[PlyCount "66"]
[EventDate "2015.11.22"]
[EventType "team-tourn"]
[EventRounds "7"]
[EventCountry "ESP"]
[SourceTitle "CBM 169 Extra"]
[Source "ChessBase"]
[SourceDate "2015.12.18"]
[SourceVersion "1"]
[SourceVersionDate "2015.12.18"]
[SourceQuality "1"]
[WhiteTeam "Barcelona II"]
[BlackTeam "Castilla La Mancha"]
[WhiteTeamCountry "ESP"]
[BlackTeamCountry "ESP"]

1. c4 Nf6 2. Nf3 c5 3. g3 Nc6 4. Nc3 g6 5. Bg2 Bg7 6. 0-0 0-0 7. d3 d6 8. e4 Nd7 9. Be3 h6 10. Qd2 Kh7 11. Rab1 Rb8 12. Nd5 e6 13. Nf4 a5 14. h4 b5 15. b3 b4 16. Ne2 e5 17. Bh3 f5 18. exf5 gxf5 19. Qc2 Kh8 20. Rbd1 Qf6 21. Nh2 f4 22. Ng4 Qg6 23. Bd2 Nf6 24. f3 Nxg4 25. fxg4 f3 26. h5 Qe8 27. Nc1 Nd4 28. Qb1 Bd7 29. Rf2 Qc8 30. Be3 Bxg4 31. Bf1 Bxh5 32. Bxd4 cxd4 33. Re1 Qg4 0-1

[Event "Linares FEDC-ch 24th"]
[Site "Linares"]
[Date "2014.11.19"]
[Round "4"]
[White "Megias Gonzalez, Javier"]
[Black "Vela Ignacio, Jose Manuel"]
[Result "0-1"]
[WhiteElo "1837"]
[BlackElo "2128"]
[PlyCount "48"]
[EventDate "2014.11.16"]
[EventType "swiss"]
[EventRounds "8"]
[EventCountry "ESP"]
[SourceTitle "CBM 163 Extra"]
[Source "ChessBase"]
[SourceDate "2014.12.23"]
[SourceVersion "1"]
[SourceVersionDate "2014.12.23"]
[SourceQuality "1"]

1. e4 e6 2. d4 d5 3. e5 c5 4. Nf3 cxd4 5. Bd3 Nc6 6. 0-0 Nge7 7. Nbd2 Ng6 8. Bxg6 hxg6 9. Nb3 f6 10. Nbxd4 Nxe5 11. Nxe5 fxe5 12. Nf3 e4 13. Bg5 Qc7 14. Nh4 Bd6 15. g3 Rh5 16. Qd2 Qf7 17. f4 Bd7 18. c4 Bc5+ 19. Kg2 Bc6 20. b4 e3 21. Qb2 dxc4+ 22. Nf3 Bb6 23. g4 Rxg5 24. fxg5 Qf4 0-1

[Event "Calvia Amateur op 10th"]
[Site "Calvia"]
[Date "2013.10.08"]
[Round "4"]
[White "Megias Gonzalez, Javier"]
[Black "Febrero Perez, Lluis"]
[Result "1-0"]
[WhiteElo "1886"]
[BlackElo "1592"]
[PlyCount "30"]
[EventDate "2013.10.05"]
[EventType "swiss"]
[EventRounds "9"]
[EventCountry "ESP"]
[SourceTitle "EXT 2014"]
[Source "ChessBase"]
[SourceDate "2013.11.20"]
[SourceVersion "1"]
[SourceVersionDate "2013.11.20"]
[SourceQuality "1"]

1. e4 e5 2. Nf3 Nc6 3. Bc4 Bc5 4. b4 Bxb4 5. c3 Be7 6. d4 exd4 7. cxd4 Bb4+ 8. Bd2 Qe7 9. 0-0 Bxd2 10. Qxd2 d6 11. e5 dxe5 12. d5 Qc5 13. dxc6 Qxc4 14. Nxe5 Qh4 15. cxb7 Bxb7 1-0

[Event "Valencia Once op 9th"]
[Site "Valencia"]
[Date "2003.09.29"]
[Round "2.17"]
[White "Megias Gonzalez, Javier"]
[Black "Cabello Fernandez, Enrique"]
[Result "1/2-1/2"]
[WhiteElo "2009"]
[BlackElo "2154"]
[PlyCount "101"]
[EventDate "2003.09.27"]
[EventType "swiss"]
[EventRounds "7"]
[EventCountry "ESP"]
[SourceTitle "CBM 096 Extra"]
[Source "ChessBase"]
[SourceDate "2003.10.22"]
[SourceVersion "2"]
[SourceVersionDate "2003.10.20"]
[SourceQuality "1"]

1. e4 c5 2. d4 cxd4 3. c3 dxc3 4. Nxc3 Nc6 5. Nf3 d6 6. Bc4 e6 7. 0-0 Be7 8. Qe2 a6 9. Rd1 b5 10. Bb3 Ra7 11. Be3 Rd7 12. Rac1 Bb7 13. Bc2 Nf6 14. Bf4 0-0 15. Bb3 Qa8 16. Ng5 Na5 17. Bc2 e5 18. Bg3 Nc6 19. Nf3 Rc8 20. Bb1 Rdd8 21. Bh4 b4 22. Nd5 Nxd5 23. exd5 Nd4 24. Nxd4 Bxh4 25. Nc6 Bxc6 26. Rxc6 Bg5 27. h4 Bf6 28. Be4 a5 29. Ra6 Qb7 30. Rxa5 Ra8 31. Rb5 Qa6 32. h5 Kf8 33. Qd3 Qxa2 34. Rxb4 Rab8 35. Qa3 Qxa3 36. bxa3 Ra8 37. Rd3 Kg8 38. Rdb3 g6 39. hxg6 hxg6 40. g4 Ra5 41. a4 Rda8 42. Rb8+ Rxb8 43. Rxb8+ Kg7 44. Rb4 Bd8 45. Kg2 Kf6 46. Kg3 Kg5 47. f3 f5 48. gxf5 gxf5 49. Bc2 Rxd5 50. f4+ Kf6 51. fxe5+ 1/2-1/2